00369nam a2200109Ia 4500008004100000040000800041082001700049100002900066245014500095260000900240264001000249231129s1995||||xx |||||||||||||| ||spa|| bspa a918.04 M291u aMantilla R. Luis Carlos 0aLas ultimas expediciones Franciscanas al Nuevo Reino deGranada : Episodios de criollismo conventual o de rivalidad Hispano-criolla 1756-1784 c1995 aKelly